| 000 | 01448cam a2200397Ia 4500 | ||
|---|---|---|---|
| 003 | SJDS | ||
| 005 | 20240511105650.0 | ||
| 008 | 050506t20062006nyua j 000 1 spa | ||
| 010 | _a 2005013132 | ||
| 020 | _a1930332831 | ||
| 020 | _a9781930332836 | ||
| 035 | _a(OCoLC)62778668 | ||
| 040 |
_aDLC _cDLC _dDPL _dSAP _dBAKER _dUtOrBLW |
||
| 041 | 1 |
_aspa _heng |
|
| 049 | _aIFAA | ||
| 099 | _aESPANOL EASY READERS SEUSS 2006 | ||
| 100 | 1 |
_aSeuss, _cDr. |
|
| 240 | 1 | 0 |
_aOne fish, two fish, red fish, blue fish. _lSpanish |
| 245 | 1 | 3 |
_aUn pez, dos peces, pez rojo, pez azul / _cpor Dr. Seuss ; traducido por Yanitzia Canetti. |
| 260 |
_aNew York : _bLectorum Publications, _c[2006] |
||
| 264 | 1 |
_aNew York : _bLectorum Publications, _c[2006] |
|
| 300 |
_a66 pages : _bcolor illustrations ; _c24 cm |
||
| 336 |
_atext _btxt _2rdacontent |
||
| 337 |
_aunmediated _bn _2rdamedia |
||
| 338 |
_avolume _bnc _2rdacarrier |
||
| 520 | _aA story-poem about the activities of such unusual animals as the Nook, Wump, Yink, Yop, Gack, and the Zeds. | ||
| 526 | 0 |
_aAccelerated Reader _bLG _c2.2 _d0.5 _z9042SP |
|
| 650 | 0 |
_aFishes _vJuvenile fiction. |
|
| 650 | 0 |
_aPets _vJuvenile fiction. |
|
| 650 | 0 |
_aStories in rhyme _vJuvenile literature. |
|
| 650 | 7 |
_aPeces _vNovela juvenil. _2bidex |
|
| 650 | 7 |
_aMascotas _vNovela juvenil. _2bidex |
|
| 650 | 7 |
_aCuentos en rima _vLiteratura juvenil. _2bidex |
|
| 700 | 1 |
_aCanetti, Yanitzia, _d1967- |
|
| 942 |
_cBK _2ddc |
||
| 999 |
_c16166 _d16166 |
||